[Event "16th Open A"]
[Site "Zadar CRO"]
[Date "2009.12.17"]
[Round "7"]
[White "Sedlak,N"]
[Black "Brkic,A"]
[Result "0-1"]
[WhiteElo "2576"]
[BlackElo "2560"]

1.e4 c5 2.Nf3 d6 3.d4 cxd4 4.Nxd4 Nf6 5.Nc3 a6 6.g3 e5 7.Nb3 Nbd7 8.a4 b6
9.Bg2 Bb7 10.O-O Be7 11.Re1 Rc8 12.Nd2 Rc5 13.Nf1 Qa8 14.Ne3 Nxe4 15.Nxe4 Bxe4
16.f3 Bg6 17.b4 Rc8 18.c4 h6 19.Nd5 Rxc4 20.f4 Qd8 21.fxe5 dxe5 22.Nxe7 Qxe7
23.b5 O-O 24.bxa6 Nc5 25.Qd5 Rc2 26.Ba3 e4 27.Rad1 Qf6 28.Qd4 Rxg2+ 29.Kxg2 Qf3+
30.Kg1 Qxa3 31.Qd6 Qf3 32.a7 e3 33.Qxf8+ Kxf8 34.Rd8+ Ke7 35.Rf1 e2 36.Rxf3 e1=Q+
37.Rf1 Qe3+ 38.Rf2 Be4  0-1

[Event "Tata Steel TCh-Asia w"]
[Site "Kolkata IND"]
[Date "2009.12.26"]
[Round "5"]
[White "Nadig,K"]
[Black "Udupitiya U,G"]
[Result "1-0"]
[WhiteElo "2255"]
[BlackElo "1760"]

1.e4 c5 2.Nf3 d6 3.d4 cxd4 4.Nxd4 Nf6 5.Nc3 a6 6.g3 e6 7.Bg2 Be7 8.O-O O-O
9.Be3 Qc7 10.a4 Nbd7 11.f4 Rb8 12.g4 Nb6 13.g5 Nfd7 14.f5 e5 15.Nb3 Nc4 16.Bc1 b5
17.axb5 axb5 18.Nd5 Qd8 19.f6 gxf6 20.gxf6 Nxf6 21.Nxe7+ Qxe7 22.Bg5 Qe6
23.Bxf6 Qg4 24.Rf3 h5 25.Rg3 Qxg3 26.hxg3 Bg4 27.Bf3 Be6 28.Qc1 Kh7 29.Qg5 Rg8
30.Qxh5+  1-0

[Event "85th Masters"]
[Site "Hastings ENG"]
[Date "2009.12.31"]
[Round "4"]
[White "Tarun,Malhotra"]
[Black "O'Neil,Tom C"]
[Result "1-0"]
[WhiteElo "1734"]
[BlackElo "1523"]

1.e4 c5 2.Nf3 d6 3.d4 cxd4 4.Nxd4 Nf6 5.Nc3 a6 6.g3 e5 7.Nb3 Bg4 8.f3 Be6
9.Be3 Qd7 10.Qd2 Be7 11.Be2 b5 12.a3 h5 13.f4 Nc6 14.f5 Bxb3 15.cxb3 Qb7
16.Bf3 Ng4 17.Bxg4 hxg4 18.Nd5 Bd8 19.O-O f6 20.Qe2 Ne7 21.Rad1 Nxd5 22.Rxd5 Be7
23.Qxg4 O-O-O 24.Qe2 Rh3 25.a4 Rdh8 26.Rf2 b4 27.Ra5 Kd7 28.Qxa6 Qxe4 29.Qb5+ Kd8
30.Bb6+ Kc8 31.Rc2+ Qxc2 32.Ra8+ Kb7 33.Ra7+ Kb8 34.Bc5+  1-0

[Event "Open"]
[Site "Prague CZE"]
[Date "2010.01.11"]
[Round "4"]
[White "Ivanov,Al3"]
[Black "Teplyi,I"]
[Result "1/2-1/2"]
[WhiteElo "2405"]
[BlackElo "2305"]

1.e4 c5 2.Nf3 d6 3.d4 cxd4 4.Nxd4 Nf6 5.Nc3 a6 6.g3 Bd7 7.Bg2 Nc6 8.O-O e6
9.Be3 Nxd4 10.Qxd4 Bc6 11.e5 dxe5 12.Bxc6+ bxc6 13.Qxe5 Bd6 14.Qd4 O-O 15.Rad1 Be7
16.Qc4 Qc7 17.Na4 Nd5 18.Bc5 Rfe8 19.b3 a5 20.Qd4 e5 21.Qc4 Bd8 22.Qe2 Qc8
23.c4 Nf6 24.f3 h5 25.Nc3 h4 26.Kg2 Bc7 27.Ne4 Nxe4 28.Qxe4 h3+ 29.Kg1 Qe6  1/2-1/2

[Event "8th Parsvnath Open"]
[Site "New Delhi IND"]
[Date "2010.01.14"]
[Round "2"]
[White "Arun,Ka"]
[Black "Shrestha,S"]
[Result "1/2-1/2"]
[WhiteElo "2345"]
[BlackElo "2084"]

1.e4 c5 2.Nf3 d6 3.d4 cxd4 4.Nxd4 Nf6 5.Nc3 a6 6.g3 Nc6 7.Nde2 Bg4 8.Bg2 Qd7
9.h3 Bxe2 10.Qxe2 e6 11.O-O Be7 12.Be3 O-O 13.Rfd1 Qc7 14.a4 Rac8 15.Nb1 Ne5
16.c3 Qc4 17.Qxc4 Nxc4 18.Bc1 Rfd8 19.b3 Na5 20.b4 Nb3 21.Ra2 Nxc1 22.Rxc1 d5
23.exd5 Nxd5  1/2-1/2

[Event "2nd Kirov Memorial Open"]
[Site "Blagoevgrad BUL"]
[Date "2010.01.15"]
[Round "7"]
[White "Gantar,J"]
[Black "Angelov,G"]
[Result "1-0"]
[WhiteElo "2077"]
[BlackElo "2257"]

1.e4 c5 2.Nf3 d6 3.d4 Nf6 4.Nc3 cxd4 5.Nxd4 a6 6.g3 e5 7.Nb3 Be6 8.Bg2 Be7
9.a4 O-O 10.O-O b6 11.Re1 Nc6 12.Bg5 Rc8 13.Nd2 Nb4 14.Nf1 h6 15.Bxf6 Bxf6
16.h4 Rc5 17.Ne3 Qc7 18.Re2 Rc8 19.Ra3 Be7 20.Kh2 g5 21.h5 g4 22.Rd2 Bg5
23.Rxd6 Bxe3 24.fxe3 Nxc2 25.Rxe6 fxe6 26.Qxc2 b5 27.axb5 axb5 28.Qb3 Qf7
29.Ra6 Qxh5+ 30.Kg1 Qf7 31.Qxe6 Qxe6 32.Rxe6 Kf7 33.Rb6 Ra8 34.Rxb5 Ra1+
35.Bf1 Rxb5 36.Nxb5 Rd1 37.Na3 Rd2 38.Nc4 Rc2 39.Nxe5+ Ke6 40.Nc4 h5 41.b4 Kf6
42.b5 h4 43.gxh4 g3 44.b6 Rc3 45.Kg2  1-0

[Event "8th Parsvnath Open"]
[Site "New Delhi IND"]
[Date "2010.01.15"]
[Round "3"]
[White "Das,Arg"]
[Black "Saranya,J"]
[Result "1-0"]
[WhiteElo "2396"]
[BlackElo "2111"]

1.e4 c5 2.Nf3 d6 3.d4 cxd4 4.Nxd4 Nf6 5.Nc3 a6 6.g3 e5 7.Nb3 Be7 8.Bg2 Qc7
9.a4 b6 10.O-O O-O 11.Re1 Nbd7 12.Nd2 Bb7 13.Nf1 Nc5 14.Bg5 Ne6 15.Bd2 Rfd8
16.Ne3 Nd4 17.Ncd5 Bxd5 18.exd5 Qd7 19.g4 Nxc2 20.Qxc2 Nxg4 21.Bh3 Nxe3 22.Rxe3 Qb7
23.Qc6 Ra7 24.Rb3 Rb8 25.Be3 Qxc6 26.dxc6 Bd8 27.a5 Rc7 28.Rxb6 Ra8 29.Bg2 Kf8
30.Rb7 Ke8 31.Bb6 Rcc8 32.Bh3  1-0

[Event "ch-BUL S/F Men"]
[Site "Plovdiv BUL"]
[Date "2010.01.27"]
[Round "5"]
[White "Stoinev,M"]
[Black "Badev,K"]
[Result "1/2-1/2"]
[WhiteElo "2268"]
[BlackElo "2369"]

1.e4 c5 2.Nf3 d6 3.d4 Nf6 4.Nc3 cxd4 5.Nxd4 a6 6.g3 e5 7.Nb3 Be7 8.Bg2 O-O
9.a4 Bg4 10.Qd3 Nc6 11.Be3 Nb4 12.Qd2 Rc8 13.O-O Be6 14.Bg5 h6 15.Bxf6 Bxf6
16.h4 g5 17.hxg5 hxg5 18.Rfe1 Kg7 19.Qd1 Rh8 20.Nd2 Qg8 21.Nf1 Qh7 22.g4 Bd8
23.a5 Nc6 24.Nd5 Nxa5 25.Ng3 Qh2+ 26.Kf1 Rh4 27.Nf5+ Bxf5 28.exf5 Nc4 29.b3 Nb6
30.f6+ Kg8 31.Ne3 d5 32.Nf5 Bxf6 33.Nxh4 Qxh4 34.c4 e4 35.Rc1 dxc4 36.bxc4 Nxc4
37.Rxe4 b5 38.Qe2 Kg7 39.Rd1 Qh2 40.Rd7 Nd6 41.Qa2 Rc1+ 42.Re1 Rxe1+ 43.Kxe1 Qxg2
44.Rxd6 Bc3+ 45.Ke2 Qxg4+ 46.Kf1 a5 47.Rd3 b4 48.Qxa5 Qf4 49.Qd5 Qe5 50.Qc4 Kg6
51.Qc6+ Kg7  1/2-1/2

[Event "ch-UKR g18"]
[Site "Kyiv UKR"]
[Date "2010.01.29"]
[Round "5"]
[White "Ivanenko,O2"]
[Black "Shvayger,Y"]
[Result "1/2-1/2"]
[WhiteElo "2066"]
[BlackElo "2164"]

1.e4 c5 2.Nf3 d6 3.d4 cxd4 4.Nxd4 Nf6 5.Nc3 a6 6.g3 e5 7.Nb3 b5 8.Bg2 Bb7
9.Nd5 Nxd5 10.exd5 g6 11.Qe2 Nd7 12.Bd2 Qc7 13.Na5 Rc8 14.Rc1 Nb6 15.Nxb7 Qxb7
16.b3 Bg7 17.O-O f5 18.Bb4 Qc7 19.a4 bxa4 20.Qxa6 O-O 21.Ba5 Rb8 22.bxa4 Qc4
23.Qxc4 Nxc4 24.Bc3 Rfc8 25.Rb1 Ra8 26.Ra1 Ne3 27.fxe3 Rxc3 28.a5 e4 29.Ra4 Bh6
30.g4 Bxe3+ 31.Kh1 Rxc2 32.gxf5 gxf5 33.Rxf5 Kh8 34.Bxe4 Rg8 35.Ra1 Ra2 36.Rff1 Rxa1
37.Rxa1 Bd4 38.Rd1 Bc5 39.a6 Rg4 40.Bf5 Ra4 41.Bc8 Kg7 42.Rf1 Ra2 43.h3 h6
44.Rf4 Ra1+ 45.Kg2 Rg1+ 46.Kh2 Ra1 47.Kg3 Rg1+ 48.Kh2 Ra1 49.Rf3 Re1 50.Rf4 Ra1
51.h4 Kg6 52.Rf3 Re1 53.Kg2 Rg1+ 54.Kh3 Re1 55.Rf4 Rh1+ 56.Kg2 Rg1+ 57.Kh2 Ra1
58.Re4 Kh5 59.Kg2 Ra2+ 60.Kf3 Rf2+ 61.Kg3 Ra2 62.Rc4 Ra3+ 63.Kf4 Bg1 64.Kf5 Re3
65.Be6 Rf3+ 66.Ke4 Re3+ 67.Kf4 Ra3 68.Kf5 Rf3+ 69.Ke4 Re3+ 70.Kf4 Ra3 71.Bc8 Kxh4
72.Kf5+ Kg3 73.Rg4+ Kh2 74.Rxg1 Kxg1 75.Ke6 h5 76.Kxd6 h4 77.Ke7 h3 78.d6 h2
79.Bb7 Rxa6 80.d7 Ra7  1/2-1/2

[Event "15th HIT Open B"]
[Site "Nova Gorica SLO"]
[Date "2010.01.31"]
[Round "2"]
[White "Vodopivec,V"]
[Black "Menon,C"]
[Result "0-1"]
[WhiteElo "2052"]
[BlackElo "1732"]

1.e4 c5 2.Nf3 d6 3.d4 cxd4 4.Nxd4 Nf6 5.Nc3 a6 6.g3 Nc6 7.Bg2 Qc7 8.O-O Nxd4
9.Qxd4 e5 10.Qd3 Be6 11.Nd5 Nxd5 12.exd5 Bd7 13.Re1 Be7 14.f4 O-O 15.Be3 f5
16.fxe5 dxe5 17.d6 Bxd6 18.Rad1 Rf6 19.Qd5+ Kh8 20.Qxb7 Qxb7 21.Bxb7 Rb8
22.Bd5 h6 23.b3 Be8 24.Bf3 Bb4 25.Rf1 e4 26.Be2 a5 27.Bd4 Rf8 28.Bg4 Bg6
29.Be2 Kh7 30.c3 Ba3 31.Be5 Rb7 32.Rd5 a4 33.b4 Bb2 34.Rd2 a3 35.Bc4 Re8
36.Bd4 Rc7 37.Bb5 Rd8 38.Rfd1 Rcc8 39.Rxb2 axb2 40.Rb1 Rxd4 41.Rxb2 Rxc3
42.a4 e3 43.Kf1 Bh5 44.Be2 Rc1+ 45.Kg2 Bxe2 46.Rxe2 Rd2 47.Kf3 Rcc2 48.Re1 e2
49.a5 Rd1 50.Rxe2 Rxe2 51.Kxe2  0-1

[Event "TCh-Eur Seniors"]
[Site "Dresden GER"]
[Date "2010.02.17"]
[Round "8"]
[White "Vasiukov,E"]
[Black "Lederman,L"]
[Result "1-0"]
[WhiteElo "2469"]
[BlackElo "2280"]

1.e4 c5 2.Nf3 d6 3.d4 cxd4 4.Nxd4 Nf6 5.Nc3 a6 6.g3 e5 7.Nb3 Bg4 8.f3 Be6
9.f4 exf4 10.Bxf4 Nc6 11.Bg2 Be7 12.Nd5 Ne5 13.O-O O-O 14.Nxe7+ Qxe7 15.Nd4 Bg4
16.Qd2 Qc7 17.b3 Rac8 18.c4 Rfe8 19.h3 Be6 20.Rad1 Qc5 21.Be3 Qa3 22.Ra1 Nc6
23.Nxc6 Rxc6 24.Rxf6 gxf6 25.Bd4 Rc5 26.Bb2  1-0

[Event "Philadelphia Open"]
[Site "Philadelphia USA"]
[Date "2010.04.03"]
[Round "7"]
[White "Ivanov,AV USA"]
[Black "Shabalov,A"]
[Result "0-1"]
[WhiteElo "2534"]
[BlackElo "2587"]

1.e4 c5 2.Nf3 d6 3.d4 cxd4 4.Nxd4 Nf6 5.Nc3 a6 6.g3 e5 7.Nb3 Nbd7 8.a4 b6
9.Bg2 Be7 10.O-O O-O 11.Re1 Bb7 12.Nd2 Rc8 13.Nf1 Re8 14.Ne3 g6 15.Ned5 Nxd5
16.Nxd5 Bxd5 17.Qxd5 Rxc2 18.Qd3 Qc8 19.Bf1 a5 20.Qb3 Rc7 21.Be3 Rf8 22.Bh3 Nc5
23.Qxb6 Rb7 24.Qxc5 Qxc5 25.Bxc5 dxc5 26.Re2 Rd8 27.Bf1 Rd4 28.f3 Rbb4 29.Rc2 c4
30.Be2 Bg5 31.Kf1 Kg7 32.Rd1 Be3 33.Rxd4 exd4 34.Bxc4 Rxa4 35.b3 Ra1+ 36.Kg2 g5
37.h4 gxh4 38.gxh4 Kf6 39.Kh3 Ke5 40.Rg2 h5 41.Rc2 Kf4 42.Be2 Bf2 43.e5 Bg3
44.Kg2 Bxh4 45.Bc4 Kxe5 46.Re2+ Kf5 47.Bxf7 Bg5 48.f4 Bxf4 49.Bxh5 d3 50.Re7 d2
51.Rd7 Ke4 52.Bf3+ Ke3 53.Rd5 Bc7 54.Rc5 Bb6 55.Rb5 Rg1+  0-1

[Event "Easter Open"]
[Site "Medellin COL"]
[Date "2010.04.04"]
[Round "9"]
[White "Panesso Rivera,H"]
[Black "Tovio,I"]
[Result "1-0"]
[WhiteElo "2290"]
[BlackElo "2290"]

1.e4 c5 2.Nf3 d6 3.d4 cxd4 4.Nxd4 Nf6 5.Nc3 a6 6.g3 e5 7.Nb3 Nbd7 8.Bg2 Be7
9.a4 O-O 10.O-O Qc7 11.a5 Nc5 12.Bg5 Be6 13.Nd2 h6 14.Bxf6 Bxf6 15.Re1 Rfe8
16.Nf1 Rac8 17.Ne3 Qb8 18.b4 Nd7 19.Ncd5 Bd8 20.Re2 b6 21.axb6 Nxb6 22.Rxa6 Nxd5
23.exd5 Bd7 24.c4 Qxb4 25.Qa1 Bf6 26.Qb2 Qc5 27.Qb6 Qxb6 28.Rxb6 Be7 29.Rb7 Ba4
30.Ra2 Ra8 31.Bh3 Bg5 32.Nf5 Bd1 33.Rxa8 Rxa8 34.Nxd6 Bf3 35.Rb1 Be7 36.Nb7 Kf8
37.d6 Bd8 38.Bg2 Bxg2 39.Kxg2 Ke8 40.c5 Rc8 41.Re1  1-0

[Event "59th ch-BUL w"]
[Site "Dupnitsa BUL"]
[Date "2010.04.14"]
[Round "8"]
[White "Gocheva,R"]
[Black "Yordanova,S"]
[Result "1/2-1/2"]
[WhiteElo "2164"]
[BlackElo "2140"]

1.e4 c5 2.Nf3 d6 3.d4 cxd4 4.Nxd4 Nf6 5.Nc3 a6 6.g3 e5 7.Nb3 Be7 8.Bg2 Nbd7
9.a4 b6 10.O-O Bb7 11.Re1 O-O 12.Bg5 h6 13.Bxf6 Nxf6 14.Nd2 Qc7 15.Nf1 Rfe8
16.Ne3 Bc6 17.Nf5 b5 18.axb5 axb5 19.Rxa8 Rxa8 20.Qd3 b4 21.Nb5 Bxb5 22.Qxb5 Bf8
23.Ne3 Qa5 24.Qxa5 Rxa5 25.Nc4 Ra2 26.Bh3 Nxe4 27.Rxe4 d5 28.Rxe5 dxc4 29.Re4 Rxb2
30.Rxc4 b3 31.cxb3 Rxb3  1/2-1/2

[Event "Heroes Day Cup Masters"]
[Site "Bridgetown BAR"]
[Date "2010.05.02"]
[Round "9"]
[White "Zapata,Alo"]
[Black "Hammar,B"]
[Result "1/2-1/2"]
[WhiteElo "2523"]
[BlackElo "2264"]

1.e4 c5 2.Nf3 d6 3.d4 cxd4 4.Nxd4 Nf6 5.Nc3 a6 6.g3 Nc6 7.Bg2 Bd7 8.O-O e6
9.a4 Be7 10.Nb3 O-O 11.f4 Qc7 12.Be3 Rac8 13.g4 g6 14.a5 Nb4 15.g5 Nh5 16.f5 exf5
17.exf5 d5 18.fxg6 hxg6 19.Nxd5 Nxd5 20.Bxd5  1/2-1/2

[Event "ch-UKR"]
[Site "Alushta UKR"]
[Date "2010.05.06"]
[Round "4"]
[White "Lysak,I"]
[Black "Zaichuk,V"]
[Result "1-0"]
[WhiteElo "2337"]
[BlackElo "2007"]

1.e4 c5 2.Nf3 d6 3.d4 cxd4 4.Nxd4 Nf6 5.Nc3 a6 6.g3 Nc6 7.Bg2 e6 8.O-O Bd7
9.h3 Be7 10.Be3 O-O 11.f4 Qc7 12.Nde2 Na5 13.b3 Bc6 14.g4 b5 15.a3 Rfe8 16.g5 Nd7
17.h4 Bb7 18.h5 Nc6 19.Qd2 Rac8 20.Bh3 Bf8 21.Rf2 Nd8 22.g6 Nf6 23.gxh7+ Kxh7
24.Qd3 Nxh5 25.Rh2 Kg8 26.Bd4 g6 27.Bg4 e5 28.Bxc8 Qxc8 29.Bf2 exf4 30.Rd1 Ne6
31.Nd5 Nc5 32.Bxc5 Qxc5+ 33.Kf1 Bxd5 34.Qxd5 Qxc2 35.Rg2 Qxe4 36.Nc3 Ng3+
37.Rxg3 Qxd5 38.Nxd5 fxg3 39.Nf6+  1-0

[Event "TCh-UKR Clubs"]
[Site "Alushta UKR"]
[Date "2010.05.14"]
[Round "3"]
[White "Romashko,Andrei"]
[Black "Aveskulov,V"]
[Result "1/2-1/2"]
[WhiteElo "2328"]
[BlackElo "2534"]

1.e4 c5 2.Nf3 d6 3.d4 Nf6 4.Nc3 cxd4 5.Nxd4 a6 6.g3 e5 7.Nb3 Be7 8.Bg2 O-O
9.O-O b5 10.Bd2 Nbd7 11.a4 b4 12.Nd5 Nxd5 13.exd5 a5 14.c3 bxc3 15.Bxc3 Qb6
16.Ra3 Bd8 17.Qd2 Qa7 18.Kh1 Bb6 19.f4 Ba6 20.Re1 Bc4 21.fxe5 dxe5 22.d6 Rfe8
23.h3 Re6 24.Nxa5 Bxa5 25.Bxa5 Qxa5 26.Qxa5 Rxa5 27.Rc1 e4 28.Rxc4 f5 29.b4 Rd5
30.Rc1 Rexd6 31.a5 Rd1+ 32.Rxd1 Rxd1+ 33.Kh2 Rb1 34.a6 Rxb4 35.a7 Nb6 36.Ra6 Na8
37.Rc6 Kf7 38.Rc8 Nb6 39.Rb8 Ra4 40.Rb7+ Kf8 41.g4 fxg4 42.hxg4 e3 43.Kg3 Nc8
44.Rb8 Rxa7 45.Rxc8+ Kf7 46.Bf3 g6 47.Kf4 Kg7 48.Rc5 Re7 49.Re5 Rxe5 50.Kxe5 e2
51.Bxe2 g5 52.Kf5  1/2-1/2

[Event "TCh-UKR Clubs"]
[Site "Alushta UKR"]
[Date "2010.05.16"]
[Round "6"]
[White "Sharapov,E"]
[Black "Pavlov,Ma"]
[Result "1/2-1/2"]
[WhiteElo "2498"]
[BlackElo "2383"]

1.e4 c5 2.Nf3 d6 3.d4 cxd4 4.Nxd4 Nf6 5.Nc3 a6 6.g3 e6 7.Bg2 Qc7 8.O-O Nc6
9.a4 Be7 10.Nb3 b6 11.Kh1 Bb7 12.f4 O-O 13.Qe2 Rfe8 14.Be3  1/2-1/2

[Event "34th Open"]
[Site "Fourmies FRA"]
[Date "2010.05.22"]
[Round "2"]
[White "Manet,E"]
[Black "Houriez,C"]
[Result "1/2-1/2"]
[WhiteElo "1985"]
[BlackElo "2262"]

1.e4 c5 2.Nf3 d6 3.d4 cxd4 4.Nxd4 Nf6 5.Nc3 a6 6.g3 e5 7.Nde2 Nbd7 8.Bg2 b5
9.a3 Bb7 10.O-O Be7 11.Bg5 Rc8 12.Qd2 O-O 13.h3 Rc4 14.b3 Rc7 15.Rac1 Qa8
16.Bxf6 Nxf6 17.Qd3 Qa7 18.Nb1 Rfc8 19.Rfd1 g6 20.Nd2 Bf8 21.c4 Qb6 22.cxb5 axb5
23.Rxc7 Rxc7 24.Nc3 Bc6 25.Bf1 Rb7 26.Qf3 Ne8 27.Qd3 h5 28.h4 Nf6 29.Qf3 Kg7
30.a4 b4 31.Nc4 Qc5 32.Nd5 Bxd5 33.exd5 e4 34.Qe3 Qxe3 35.Nxe3 Nd7 36.Rc1 Nc5
37.Bc4  1/2-1/2

[Event "ch-USA"]
[Site "Saint Louis USA"]
[Date "2010.05.22"]
[Round "8"]
[White "Kudrin,S"]
[Black "Shankland,S"]
[Result "1/2-1/2"]
[WhiteElo "2571"]
[BlackElo "2507"]

1.e4 c5 2.Nf3 d6 3.d4 cxd4 4.Nxd4 Nf6 5.Nc3 a6 6.g3 e5 7.Nb3 Be7 8.Bg2 b5
9.a4 b4 10.Nd5 Nxd5 11.Qxd5 Ra7 12.Be3 Be6 13.Qd3 Rd7 14.O-O O-O 15.a5 Qc7
16.Nd2 Rc8 17.Rfc1 Qb7 18.c4 Rdc7 19.f4 f6 20.f5 Bf7 21.g4 Nd7 22.b3 Nc5
23.Qe2 Be8 24.h4 Bc6 25.Bf2 Rd7 26.Kh2 h6 27.Rg1 Kf8 28.Qe3 Ke8 29.Bf3 Kd8
30.Rge1 Kc7 31.Nf1 Kb8 32.Ng3 Rg8 33.Kh3 Ka8 34.Bd1 Bd8 35.Bc2 Rh8 36.Re2 Qc8
37.Qd2 Qb8 38.Be1 Rb7 39.Qd1 Bc7 40.Rd2 Qf8 41.Qf3 Qe7 42.Nf1 Bb8 43.Ne3 Ba7
44.Rad1 Rd8 45.Nd5 Bxd5 46.Rxd5 Qc7 47.R1d2 Rbb8 48.Rd1 Rd7 49.Qe2 Qxa5 50.Rxd6 Rbd8
51.Rxd7 Rxd7 52.Rxd7 Nxd7 53.Qd2 Bd4 54.Qxb4 Qa2 55.Qd2 Nc5 56.Qd1 a5 57.g5 h5
58.Bd2 a4 59.bxa4 Qxc4 60.Kg2 Bb2 61.Kf3 Bc3 62.Be3 Bd4 63.Bd2 Bc3 64.Be3 Bd4
65.Bd2  1/2-1/2

[Event "4th Open"]
[Site "Varna BUL"]
[Date "2010.06.15"]
[Round "4"]
[White "Georgiev,Vl"]
[Black "Lewicki,M"]
[Result "1/2-1/2"]
[WhiteElo "2566"]
[BlackElo "2094"]

1.e4 c5 2.Nf3 d6 3.d4 cxd4 4.Nxd4 Nf6 5.Nc3 a6 6.g3 g6 7.Bg2 Bg7 8.O-O O-O
9.a4 Qc7 10.Nd5 Nxd5 11.exd5 Nd7 12.Re1 Nf6 13.h3 Re8 14.a5 e5 15.dxe6 fxe6
16.Bg5 e5 17.Ne2 Be6 18.Nc3 Rab8 19.Qd2 b5 20.axb6 Rxb6 21.Bxf6 Bxf6 22.Nd5 Bxd5
23.Bxd5+ Kg7 24.b3 e4 25.Qd1 Qc3 26.Ra4 e3 27.Kg2 Qd2 28.Qxd2 exd2 29.Rd1 Bc3
30.Rc4 Re1 31.Bf3 Rxd1 32.Bxd1 Bb2 33.Rc7+ Kf6 34.Kf3 d5 35.Ke2 Bc1 36.c3 h5
37.Kd3 Ke6 38.Kc2 Kd6 39.Rg7 Ke5 40.f4+ Kf6 41.Rd7 Ke6 42.Rd8 a5 43.g4 h4
44.Rh8 Rc6 45.Bf3 Rc5 46.f5+ gxf5 47.gxf5+ Kxf5 48.Rxh4 Ba3 49.Kxd2 Bb2 50.c4 a4
51.Be4+ Ke5 52.Bxd5 axb3 53.Re4+ Kf5 54.Re3 Be5 55.Rxb3 Kg5 56.Kd3 Kh4 57.Ke4 Bg3
58.Kd4 Bf2+ 59.Kc3 Kxh3 60.Kb4+ Kg4 61.Rf3 Bd4 62.Rf7 Be3 63.Kc3 Bf4 64.Kd4 Rc7
65.Rf6 Kg5 66.Re6 Kf5 67.c5 Ra7 68.Re8 Ra1 69.Be4+ Kg5 70.Rg8+ Kf6 71.Rf8+ Kg5
72.Rf5+ Kg4 73.Rf7 Ra5 74.Bd3 Ra8 75.Rg7+ Kh4 76.Bf5 Bc1 77.Kd5 Ra5 78.Rg4+ Kh5
79.Rc4 Be3 80.Bc2 Rxc5+ 81.Rxc5 Bxc5 82.Kxc5  1/2-1/2

[Event "14th Master Open"]
[Site "Voronezh RUS"]
[Date "2010.06.15"]
[Round "4"]
[White "Dvoirys,S"]
[Black "Voitsekhovsky,S"]
[Result "1-0"]
[WhiteElo "2563"]
[BlackElo "2531"]

1.e4 c5 2.Nf3 d6 3.d4 cxd4 4.Nxd4 Nf6 5.Nc3 a6 6.g3 e5 7.Nb3 Be7 8.Bg2 b5
9.a4 b4 10.Nd5 Nxd5 11.Qxd5 Ra7 12.Qc4 a5 13.Be3 Ra6 14.O-O O-O 15.Rfd1 Be6
16.Qb5 Qc7 17.Bf1 Rc8 18.Rdc1 Bd7 19.Qd5 Bc6 20.Qd3 Qb7 21.Nd2 Ra8 22.f3 Nd7
23.c3 d5 24.cxb4 d4 25.Bxd4 exd4 26.b5 Ne5 27.bxc6 Qb4 28.Qb5 Nxc6 29.Nc4 Rab8
30.Qxb4 axb4  1-0

[Event "ch-PAR"]
[Site "Asuncion URU"]
[Date "2010.06.20"]
[Round "6"]
[White "Pereira,Fa PAR"]
[Black "Latorre,Man"]
[Result "0-1"]
[WhiteElo "2101"]
[BlackElo "2300"]

1.e4 c5 2.Nf3 d6 3.d4 cxd4 4.Nxd4 Nf6 5.Nc3 a6 6.g3 e6 7.Bg2 Be7 8.O-O O-O
9.h3 Qc7 10.g4 Nc6 11.Nde2 b5 12.a3 Rd8 13.Ng3 Bb7 14.g5 Nd7 15.f4 Bf8 16.h4 b4
17.Nce2 d5 18.e5 d4 19.axb4 Nb6 20.b5 axb5 21.Rxa8 Bxa8 22.Kh2 Nc4 23.Qd3 Nb4
24.Qd1 Bxg2 25.Kxg2 d3 26.cxd3 Rxd3 27.Qe1 Nc2  0-1

[Event "MGU-9 Open"]
[Site "Sofia BUL"]
[Date "2010.07.03"]
[Round "3"]
[White "Iliev,Di"]
[Black "Petrov,Martin"]
[Result "1-0"]
[WhiteElo "2144"]
[BlackElo "1958"]

1.e4 c5 2.Nf3 d6 3.d4 cxd4 4.Nxd4 Nf6 5.Nc3 a6 6.g3 e5 7.Nde2 Be7 8.Bg2 O-O
9.O-O Be6 10.b3 Nbd7 11.h3 Rc8 12.Be3 b5 13.g4 Qc7 14.Rc1 Nc5 15.Ng3 Rfd8
16.g5 Ne8 17.Nf5 Bf8 18.Nd5 Bxd5 19.exd5 g6 20.Ng3 Bg7 21.a4 f5 22.gxf6 Nxf6
23.axb5 axb5 24.f4 Nfd7 25.f5 Rf8 26.fxg6 Rxf1+ 27.Qxf1 hxg6 28.Qxb5 Rb8
29.Qe2 Nf6 30.Rf1 Rc8 31.Bg5 Ncd7 32.Ne4 Nxd5 33.c4 N5b6 34.Qg4 Re8 35.Bf6 Nf8
36.Bxg7 Kxg7 37.Nf6 Re7 38.Be4 Qc8 39.Nh5+ Kg8 40.Bd5+ Kh7 41.Qxc8 Nxc8 42.Rxf8 gxh5
43.Rxc8  1-0

[Event "IsBank TCh-TUR"]
[Site "Konya TUR"]
[Date "2010.07.04"]
[Round "7"]
[White "Tandogan,Buket"]
[Black "Firat,Deniz"]
[Result "1-0"]
[WhiteElo "1553"]
[BlackElo "1621"]

1.e4 c5 2.Nf3 d6 3.d4 cxd4 4.Nxd4 Nf6 5.Nc3 a6 6.g3 e6 7.Bg2 Be7 8.O-O O-O
9.a4 Qc7 10.h3 Nbd7 11.g4 Rb8 12.g5 Ne8 13.f4 b6 14.Kh2 Bb7 15.h4 Nc5 16.Qg4 Qc8
17.f5 e5 18.Nde2 Nc7 19.Ng3 b5 20.h5 b4 21.Nd5 Nxd5 22.exd5 b3 23.c3 Nd3
24.Be4 Nxc1 25.Raxc1 Qd7 26.h6 g6 27.Nh5 gxh5 28.Qxh5 Qxa4 29.Bd3 e4 30.Rf4 Bxd5
31.Rg1 Qc6 32.Bxe4 Bxe4 33.Qg4 Qe8 34.Rxe4 d5 35.Re2 Bd6+ 36.Kh1 Qd7 37.Qd4  1-0

[Event "IsBank TCh-TUR"]
[Site "Konya TUR"]
[Date "2010.07.04"]
[Round "7"]
[White "Uzun,S"]
[Black "Koc,O"]
[Result "0-1"]
[WhiteElo "1966"]
[BlackElo "1851"]

1.e4 c5 2.Nf3 d6 3.d4 cxd4 4.Nxd4 Nf6 5.Nc3 a6 6.g3 e5 7.Nde2 Be7 8.Bg2 Be6
9.O-O O-O 10.h3 Qc7 11.f4 b5 12.a3 Nc6 13.f5 Bc4 14.b3 Bxe2 15.Nxe2 Nd4 16.Nxd4 exd4
17.Bb2 Rac8 18.Qxd4 d5 19.Kh2 dxe4 20.Rac1 Nh5 21.Qe3 Nxg3 22.Kg1 Bc5 23.Bd4 Bxd4  0-1

[Event "XXXIII Open"]
[Site "Barbera del Valles ESP"]
[Date "2010.07.08"]
[Round "5"]
[White "Silva Rodriguez,J"]
[Black "Panelo,M"]
[Result "1-0"]
[WhiteElo "2126"]
[BlackElo "2450"]

1.e4 c5 2.Nf3 d6 3.d4 cxd4 4.Nxd4 Nf6 5.Nc3 a6 6.g3 e5 7.Nb3 Nbd7 8.a4 b6
9.Bg2 Be7 10.O-O O-O 11.Re1 Bb7 12.Nd2 Rc8 13.Nf1 Rc5 14.Ne3 Qa8 15.Nf5 Qd8
16.Nxd6 Bxd6 17.Qxd6 Qa8 18.Bg5 Rc6 19.Qd2 Rc4 20.Bxf6 Nxf6 21.Nd5 Nxd5 22.exd5 Rd4
23.Qe3 Bxd5 24.Qxe5 Bxg2 25.Qxd4 Bh1 26.f3 Qxf3 27.Qf2 Qb7 28.Re3 Bc6 29.b3 Qb8
30.Rae1 Ba8 31.h3 b5 32.axb5 axb5 33.Qe2 h5 34.Kh2 h4 35.Qg4 Qb7 36.R3e2 hxg3+
37.Qxg3 Qc6 38.Rg1 g6 39.Rf2 Qe4 40.Qf4 Qe7 41.h4 Rd8 42.c4 Rd3 43.Qb8+ Rd8
44.Qf4 Rd7 45.h5 bxc4 46.bxc4 Be4 47.Re1 Rd4 48.Rfe2 f5 49.Rg1 Kf7 50.Rxg6 Rxc4
51.Qg3 Qb4 52.Qe5 Kf8 53.Rf6+ Kg8 54.Qe8+  1-0

[Event "85th ch-ARG"]
[Site "Buenos Aires ARG"]
[Date "2010.07.08"]
[Round "4"]
[White "Fiori,A"]
[Black "Quiroga,F"]
[Result "0-1"]
[WhiteElo "2166"]
[BlackElo "2340"]

1.e4 c5 2.Nf3 d6 3.d4 cxd4 4.Nxd4 Nf6 5.Nc3 a6 6.g3 e5 7.Nde2 Be7 8.Bg2 O-O
9.O-O Be6 10.h3 Nbd7 11.g4 Rc8 12.Ng3 b5 13.Be3 Nb6 14.Re1 b4 15.Nd5 Bxd5
16.exd5 Qc7 17.b3 Rfe8 18.a3 bxa3 19.Rxa3 a5 20.c4 Nfd7 21.Bxb6 Qxb6 22.Ne4 Nc5
23.Nxc5 Qxc5 24.Ra4 Rb8 25.Be4 g6 26.Qd3 Bd8 27.Rf1 Re7 28.Qf3 Reb7 29.Bc2 Rb4
30.Rfa1 Kg7 31.Kg2 Rxa4 32.Rxa4 Bb6 33.Ra2 Rh8 34.h4 h5 35.g5 Bd8 36.Qe3 Qxe3
37.fxe3 Bb6 38.Ra1 Rf8 39.Kf3 Rb8 40.Ke2 Re8 41.Be4 Re7 42.Rg1 Bc5 43.Re1 Rb7
44.Bc2 Bb4 45.Rg1 Rc7 46.Ra1 Bc3 47.Rc1 Bb4 48.Be4 Rc5 49.Kd3 Rc8 50.Rf1 Rb8
51.Ke2 Bc5 52.Rb1 Rb4 53.Bd3 a4 54.bxa4 Rxa4 55.Rb2 Ra1 56.Bb1 Ra3 57.Kf2 Rxe3
58.Kg2 Re1 59.Bd3 Rg1+ 60.Kh2 Rg4 61.Kh3 Rd4 62.Be2 Rf4 63.Rb7 Rf2 64.Bd1 Be3  0-1

[Event "ch-TUR w"]
[Site "Konya TUR"]
[Date "2010.07.11"]
[Round "4"]
[White "Ulusoy,Nisan"]
[Black "Durmaz,A"]
[Result "0-1"]
[WhiteElo "1613"]
[BlackElo "1807"]

1.e4 c5 2.Nf3 d6 3.d4 cxd4 4.Nxd4 Nf6 5.Nc3 a6 6.g3 e6 7.Bg2 Be7 8.O-O O-O
9.Re1 Qc7 10.Be3 Nbd7 11.Nb3 Ne5 12.Nd2 Rb8 13.a4 Neg4 14.h3 Nxe3 15.Rxe3 b5
16.Nb3 b4 17.Ne2 Bb7 18.Ned4 d5 19.e5 Nd7 20.f4 Nc5 21.Kh2 Rfc8 22.Re2 Qd7
23.Nxc5 Bxc5 24.a5 Rc7 25.Qd3 Rbc8 26.Nb3 Ba7 27.Rc1 Bc6 28.Nd4 Bxd4 29.Qxd4 Bb5
30.Rf2 Rc4 31.Qd2 Qc7 32.Bf1 Rc5 33.Qxb4 Bxf1 34.Rcxf1 Rb8 35.Qd4 Rc4 36.Qd3 Rxb2
37.Rc1 Qxa5 38.f5 Qc5 39.Rd2 a5 40.fxe6 fxe6 41.Kg2 a4 42.Rf2 a3 43.Qf3 Qe7
44.Rcf1 Rcxc2 45.Rxc2 Rxc2+ 46.Kg1 Rc8 47.Ra1 Qc5+ 48.Kh1 Ra8 49.Qb3 Qa7
50.Qa2 Qa4 51.Kh2 Rc8 52.Qxa3 Rc2+ 53.Kg1 Qd4+ 54.Kh1 Qe4+  0-1

[Event "ch-TUR w"]
[Site "Konya TUR"]
[Date "2010.07.14"]
[Round "9"]
[White "Tandogan,Buket"]
[Black "Durmaz,A"]
[Result "0-1"]
[WhiteElo "1545"]
[BlackElo "1807"]

1.e4 c5 2.Nf3 d6 3.d4 cxd4 4.Nxd4 Nf6 5.Nc3 a6 6.g3 e6 7.Bg2 Be7 8.O-O O-O
9.h3 Qc7 10.a4 Nbd7 11.g4 Ne5 12.g5 Nfd7 13.f4 Nc6 14.Nde2 Rb8 15.Ng3 b5
16.Be3 Nc5 17.axb5 axb5 18.f5 Rd8 19.f6 Bf8 20.Nh5 g6 21.Nf4 b4 22.Nce2 Bb7
23.Ng3 Ne5 24.Qe2 Ncd7 25.Bf2 Nb6 26.Rfd1 d5 27.Kh1 Nec4 28.Nd3 dxe4 29.Nxe4 Nd5
30.Bg3 Nd6 31.Ndc5 Qc8 32.Nxb7 Rxb7 33.Nxd6 Bxd6 34.Bxd6 Rxd6 35.Qf2 Rbd7
36.Bf3 Qb8 37.Qc5 Rd8 38.Qf2 R6d7 39.Ra5 Qc7 40.Rda1 Qf4 41.Ra8 Qxg5 42.Qe2 Qxf6
43.Bg2 Kg7 44.R8a2 Nf4 45.Qf3 Nxg2 46.Qxg2 Rd1+ 47.Rxd1 Rxd1+  0-1